000 00711nam a2200217 a 4500
001 65094
003 BD-RjUL
005 20211209081403.0
008 170227s1980 bg ||||| |||| 00| 0 ben d
035 _a(BD-RjUL)65224
040 _aBD-RjUL
_bben
_cBD-RjUL
_dBD-RjUL
041 _aben
082 _a954.14
_bSHB 1969
_223
100 _aসুর অতুল
_9179257
245 _aবাঙলা ও বাঙালী /
_cঅতুল সুর
260 _aকলকাতা :
_bসাহিত্যলোক,
_c১৯৮০.
300 _a১৭১ পৃ. ;
_c২২ সেমি.
650 _aইতিহাস
_zবাংলা
_9117057
650 _aHistory
_zBengal
_9117058
942 _2ddc
_cBK
_04
999 _c65094
_d65094